LEADER 01785oem 2200481Ia 450 001 9910700301703321 005 20110603123917.0 035 $a(CKB)5470000002409975 035 $a(OCoLC)53322612 035 $a(EXLCZ)995470000002409975 100 $a20031031d2003 ca 101 0 $aeng 120 $ab|||||||||||| 121 $a||||||||| 124 $bd 135 $aurcn||||||||| 181 $ccrd$2rdacontent 182 $cc$2rdamedia 183 $acr$2rdacarrier 200 10$aSurficial geologic map of parts of the Misheguk Mountain and Baird Mountains quadrangles, Noatak National Preserve, Alaska$b[electronic resource] /$fby Thomas D. Hamilton 205 $aVersion 1.0. 210 1$a[Reston, Va.] :$cU.S. Dept. of the Interior, U.S. Geological Survey,$d2003. 215 $a1 online resource (1 map) $ccolor +$e1 pamphlet (12 pages) 225 1 $aU.S. Geological Survey open-file report ;$v03-367 300 $aRelief shown by contours and spot heights. 300 $aTitle from HTML index page (viewed Oct. 30, 2003). 300 $aIncludes text, location map, and location index map, 320 $aIncludes biblographical references in pamphlet (pages 10-12). 606 $aGeology, Structural$zAlaska$zNoatak National Preserve$vMaps 608 $aMaps.$2lcgft 615 0$aGeology, Structural 700 $aHamilton$b Thomas D$g(Thomas Dudley),$f1936-$01395895 712 02$aGeological Survey (U.S.) 801 0$bGIS 801 1$bGIS 801 2$bOCLCQ 801 2$bOCLCG 801 2$bRLA 801 2$bGPO 906 $aBOOK 912 $a9910700301703321 996 $aSurficial geologic map of parts of the Misheguk Mountain and Baird Mountains quadrangles, Noatak National Preserve, Alaska$93516222 997 $aUNINA LEADER 02601nam 2200637z- 450 001 9910557133903321 005 20210501 035 $a(CKB)5400000000040714 035 $a(oapen)https://directory.doabooks.org/handle/20.500.12854/68699 035 $a(oapen)doab68699 035 $a(EXLCZ)995400000000040714 100 $a20202105d2020 |y 0 101 0 $aeng 135 $aurmn|---annan 181 $ctxt$2rdacontent 182 $cc$2rdamedia 183 $acr$2rdacarrier 200 00$aFinite Elements and Symmetry 210 $aBasel, Switzerland$cMDPI - Multidisciplinary Digital Publishing Institute$d2020 215 $a1 online resource (104 p.) 311 08$a3-03936-020-5 311 08$a3-03936-021-3 330 $aThis Special Issue of the journal Symmetry contains a collection of papers devoted to the use of symmetry in finite element approximation of partial differential equations. More specifically, applications ranging from mechanical engineering to electromagnetics and fluid dynamics are considered. Both theoretical and computational aspects are considered. The contributions were selected to ensure the widest variety of themes. In particular, we wanted to include both theoretical papers (well posedness, stability) and numerical computations. 606 $aMathematics & science$2bicssc 606 $aResearch & information: general$2bicssc 610 $abianisotropic media 610 $acomputational design 610 $aconvergence of the approximation 610 $acorner singularity 610 $aedge-based smoothed finite element method (ES-FEM) 610 $aelectromagnetic scattering 610 $aFGMshells 610 $afinite element method 610 $afinite-element method 610 $aforce vibration 610 $aMindlin plate theory 610 $amixed interpolation of tensorial components (MITC) 610 $amoving media 610 $aOseen problem 610 $apattern formation 610 $apreconditioning 610 $arotating axisymmetric objects 610 $asymmetric boundary condition 610 $athree-layer composite shell 610 $atime-harmonic electromagnetic fields 610 $avariational formulation 610 $aweighted finite element method 610 $awell posedness 615 7$aMathematics & science 615 7$aResearch & information: general 700 $aTouzani$b Rachid$4edt$0792030 702 $aTouzani$b Rachid$4oth 906 $aBOOK 912 $a9910557133903321 996 $aFinite Elements and Symmetry$93022598 997 $aUNINA